00372nam a2200133Ia 45000010005000000080041000050200022000460820022000681000035000902450042001252600030001679010026001979990015002232173241024s9999 xx 000 0 und d a978-9945-8613-2-7 aRD/860.0904/IN37l aHéctor Incháustegui Cabral 0aDe literatura dominicana siglo veinte bEd. Amigo del Hogarc2007 a8/3/2012 4:12:17 p.m. c7915d7915